Myanmar - (Burma) : EIU country profile 2005.
| Format: | Book |
|---|---|
| Published: |
[London]:
The Economist Intelligence Unit,
2005.
|
| Subjects: |
| LEADER | 00501cam a2200157 7i4500 | ||
|---|---|---|---|
| 001 | 0000016985 | ||
| 005 | 20060210090000.0 | ||
| 020 | 0 | 0 | |a 1364-3533 |
| 090 | 0 | 0 | |a MYAN 330.9 |b MYA |
| 245 | 0 | 0 | |a Myanmar - (Burma) : |b EIU country profile 2005. |
| 260 | 0 | 0 | |a [London]: |b The Economist Intelligence Unit, |c 2005. |
| 300 | # | # | |a 52 p. |
| 650 | 0 | 0 | |a Myanmar -- |x Country profile |
| 651 | 0 | 0 | |a Myanmar |
| 999 | |a SBH000392B |b Book |c Countries |e MATRADE Sabah | ||
| 999 | |a PNG000401B |b Book |c Countries |e MATRADE Northern Regional Office | ||